000
00225 a2200097 4500
001
20518
100
_a
lavrishchev A
245
_a
Economic Geographic of the USSR
260
_a
_b
Progress Publishers
_c
090
_c
14915
_d
14915
942
_a
NUST-CAE
_c
M
_c
5464
999
_c
255591
_d
255591